| 000 -LEADER |
| fixed length control field |
00849nam a2200217Ia 4500 |
| 001 - CONTROL NUMBER |
| control field |
6983 |
| 003 - CONTROL NUMBER IDENTIFIER |
| control field |
GE_BSU |
| 008 - FIXED-LENGTH DATA ELEMENTS--GENERAL INFORMATION |
| fixed length control field |
181216s||||||||xx |||||||||||||| ||und|| |
| 040 ## - CATALOGING SOURCE |
| Transcribing agency |
GE_BSU |
| 080 ## - UNIVERSAL DECIMAL CLASSIFICATION NUMBER |
| Universal Decimal Classification number |
808.2+69+72 |
| 100 ## - MAIN ENTRY--PERSONAL NAME |
| Personal name |
Алексишвили,Н.И. |
| 245 ## - TITLE STATEMENT |
| Title |
Пособие по русскому языку для грузинских вузов по строительно-архитектурной специальности. |
| 245 ## - TITLE STATEMENT |
| Remainder of title |
Сборник текстов. |
| 245 ## - TITLE STATEMENT |
| Statement of responsibility, etc. |
Ред. изд.-во Э.Хеладзе. |
| 260 ## - PUBLICATION, DISTRIBUTION, ETC. |
| Place of publication, distribution, etc. |
Тб. |
| 260 ## - PUBLICATION, DISTRIBUTION, ETC. |
| Name of publisher, distributor, etc. |
Ганатлеба. |
| 260 ## - PUBLICATION, DISTRIBUTION, ETC. |
| Date of publication, distribution, etc. |
1977. |
| 300 ## - PHYSICAL DESCRIPTION |
| Extent |
206стр.22см. |
| 653 ## - INDEX TERM--UNCONTROLLED |
| Uncontrolled term |
Пособие по русскому языку для грузинских вузов по строительно-архитектурной специальности. |
| 942 ## - ADDED ENTRY ELEMENTS (KOHA) |
| Koha item type |
წიგნი |